La diáspora venezolana en el mundo - Estadísticas

Estadísticas generales
  • Esta prueba ha sido intentada 2.776 veces
    2.743 desde el último reinicio
  • La puntuación promedio es 18 de 20
Estadísticas de respuestas
Venezolanos País % Correcto
217.742 Argentina
99%
2.875.743 Colombia
99%
438.380 España
99%
545.200 Estados Unidos
99%
510.499 Brasil
97%
113.108 México
97%
1.542.004 Perú
97%
444.423 Chile
96%
27.300 Canadá
93%
474.945 Ecuador
93%
32.939 Uruguay
93%
5.234 Paraguay
91%
16.350 Bolivia
90%
58.158 Panamá
89%
29.405 Costa Rica
81%
27.700 Portugal
81%
59.400 Italia
77%
19.643 Guyana
75%
124.141 República Dominicana
71%
35.314 Trinidad y Tobago
37%
No se encontraron pruebas coincidentes
Distribución de puntuación
Porcentaje de gente con cada puntuación
Porcentaje por número respondido
Historial de tus puntuaciones
No has intentado esta prueba desde el último reinicio